Normal view
MARC view
Entry Nombre personal
001 - NÚMERO DE CONTROL
- campo de control: 23507
003 - IDENTIFICADOR DEL NÚMERO DE CONTROL
- campo de control: BNPHU
005 - FECHA Y HORA DE LA ÚLTIMA TRANSACCIÓN
- campo de control: 20240305132735.0
008 - DATOS DE LONGITUD FIJA
- campo de control de longitud fija: 200615|| aca||aabn | a|a d
010 ## - NÚMERO DE CONTROL DE LA BIBLIOTECA DEL CONGRESO
- Número de control de LC: n 90641840
040 ## - FUENTE DE LA CATALOGACIÓN
- Centro catalogador/agencia de origen: DO-SdBNP
- Lengua de catalogación: spa
- Centro/agencia transcriptor: BNPHU
- Normas de descripción: rda
100 1# - ENCABEZAMIENTO-NOMBRE DE PERSONA
- Nombre de persona: Bidó, Victor,
- Fechas asociadas al nombre: 1959-
370 ## - LUGAR ASOCIADO
- Lugar de nacimiento: Santo Domingo, República Dominicana
374 ## - OCUPACIÓN
- Ocupación: Filósofo
- Ocupación: Poeta
- Ocupación: Ensaysta
- Ocupación: Pintor
377 ## - LENGUA/LENGUAJE ASOCIADO
- Código del idioma: spa
400 1# - TRAZADO DE VÉASE--NOMBRE DE PERSONA
- Nombre de persona: V. Bidó
670 ## - FUENTE DE DATOS ENCONTRADOS
- Cita de la fuente: Work cat.: (OSt)8694: Bidó, Victor, 1959-, Suma presencia :, 2000.
670 ## - FUENTE DE DATOS ENCONTRADOS
- Cita de la fuente: Bidó, Victor. Cuado mis manos me despiertan, 2023
